Римска история (Запис номер 50779)
[ съкратено ]
| 000 -Лидер | |
|---|---|
| Контролно поле с фиксирана дължина | 01344nam a2200361 c 4500 |
| 003 - Код на организацията, давaща контролен номер | |
| Контролно поле | BLK |
| 005 - Дата и час на последна редакция | |
| Контролно поле | 20230422133548.0 |
| 008 - Елементи от данни с фиксирана дължина | |
| fixed length control field | 180408b bul|||||r ||||||| ||bul|| |
| 010 ## - Наследен системен номер | |
| LC control number | KNG00054660000 |
| 020 ## - Международен стандартен номер на книга ISBN | |
| Международен стандартен номер на книга ISBN | 954-733-422-0 |
| -- | издат.: Прозорец |
| 040 ## - Източник на каталожния запис | |
| Идентификатор на билиотеката - собственик на записа | BLK |
| 041 ## - Код за език | |
| Код за езика на текст/звукозапис или на отделно заглавие | Български |
| Код за езика КДБФ | Български |
| 080 ## - УДК | |
| Текстов определител УДК | История на Рим (до 476 г. н. е.). Древен Рим |
| УДК код - определител по УДК | 94(37) |
| УДК определител | |
| УДК - код + определител | 94(37) |
| 100 1# - Редна дума - Автор | |
| Автор | Момзен, Теодор |
| Авторска отговорност | първи автор |
| R(LIN) | 98788 |
| 139 ## - Редно поле | |
| Редна дума | Момзен, Теодор |
| Авторски знак | Мом - М 84 |
| 245 10 - Сведения за заглавието | |
| Заглавие | Римска история |
| Редно поле (дума) | Теодор Момзен; прев. Борис Минков; прев. Ваня Пенева. |
| 257 ## - Страна на издаване | |
| Страна на създаване/издаване | Австрия |
| 260 ## - Област на издателските данни | |
| -- | София |
| Име на издателя, разпространителя и проч. | Прозорец |
| Година на издаване | 2005 |
| Печатница | София : Инвестпрес |
| 300 ## - Физическа характеристика | |
| Страници | 784 с. |
| Размери/Мащаб | 24 см |
| 380 ## - Жанр | |
| Жанр | История |
| 490 1# - СЕРИИ (Колекции) | |
| Име на серия | Поредица Хроника |
| №: серия | 11 |
| 500 ## - Общи забележки | |
| Забележка | Ориг. загл. Romische Geschichte / Theodor Mommsen. - Офс. изд. |
| 650 #4 - Допълнително описание по предмет – тема | |
| Основно описание – тема или топоним | Древен Рим - история |
| 9 (RLIN) | 249436 |
| 653 ## - Ключова дума – ненормативна | |
| Ключова дума | Древен Рим |
| 653 ## - Ключова дума – ненормативна | |
| Ключова дума | история |
| 700 1# - Други автори (авторска отговорност) | |
| Лично име | Минков, Борис |
| Автороска отговорност (Описва отношението между автора и произведението) | прев. |
| 9 (RLIN) | 365438 |
| 700 1# - Други автори (авторска отговорност) | |
| Лично име | Пенева, Ваня |
| Автороска отговорност (Описва отношението между автора и произведението) | прев. |
| 9 (RLIN) | 363385 |
| 852 ## - Местоположение | |
| Форматна сигнатура | Цб 224319 |
| 856 4# - Електронен адрес и достъп | |
| Електронен формат | pdf - файл |
| Път до файла /url/ | |
| 856 4# - Електронен адрес и достъп | |
| Електронен формат | pdf - файл |
| Път до файла /url/ | |
| 942 ## - АРТИКУЛИ | |
| Вид на библиотечния материал | Книги |
| Скрит в OPAC | Не |
| Koha issues (borrowed), all copies | 5 |
| 944 ## - СЪЗДАВАНЕ И РЕДАКЦИЯ на ЗАПИСА | |
| Създаване/Редакция | Създаване |
| Дата на регистрацията/редакция | 12.07.2005 |
| Служител, извършил регистрацията/редакцията | Геновева_Генчева |
| 944 ## - СЪЗДАВАНЕ И РЕДАКЦИЯ на ЗАПИСА | |
| Създаване/Редакция | Редакция |
| Дата на регистрацията/редакция | 16.06.2008 |
| Служител, извършил регистрацията/редакцията | |
| 999 ## - СИСТЕМНИ КОНТРОЛНИ НОМЕРА | |
| Koha biblionumber | 50779 |
| Koha biblioitemnumber | 50779 |
| Код за отписване | Код за изгубен артикул | Източник на класификационната схема | Код за повреда | Коз за рестрикции | Код за отдаване | Артикулен № | Име на библиотеката - собственик | Име на библиотеката, в която се намира в момента | Статус (Текущо местоположение) | Дата на вписване в системата | Местоположение - отдел | Цена в лева | Инвентарен номер | Систематично азбучна сигнатура | Баркод | Номер на екземпляра | Цена в евро | Служебна бележка | Служебен тип на артикула |
|---|---|---|---|---|---|---|---|---|---|---|---|---|---|---|---|---|---|---|---|
| Не е изгубен | Universal Decimal Classification | Не е повреден | без рестрикции | заемане за дома | 79432 | Регионална библиотека "Любен Каравелов" Русе | Регионална библиотека "Любен Каравелов" Русе | Подвързия, Комплектуване | 2005-07-11 | Заемна - подръчен фонд | 19.00 | 120000695491 | П 94(3)/М 84 | 120000695491 | 1 | 9.71 | Дост: Pk Вид: Ф N: 6 Дата: 11.07.2005 Дата инв: 06.02.2018 Бележки инв: П2018 | Книги | |
| Не е изгубен | Universal Decimal Classification | Не е повреден | без рестрикции | заемане за дома | 79433 | Регионална библиотека "Любен Каравелов" Русе | Регионална библиотека "Любен Каравелов" Русе | Заемна - подръчен фонд | 2007-05-23 | Заемна - подръчен фонд | 19.00 | 120000713840 | П 94(3)/М 84 | 120000713840 | 2 | 9.71 | Дост: Pk Вид: Ф N: 4378 Дата: 08.05.2007 Дата инв: 06.02.2018 Бележки инв: П2018 | Книги | |
| Не е изгубен | Не е повреден | без рестрикции | ползва се в читалня | 79434 | Регионална библиотека "Любен Каравелов" Русе | Регионална библиотека "Любен Каравелов" Русе | Хранилище | 2008-05-13 | Хранилище | 25.00 | 120000726250 | Цб 224319 | 120000726250 | 3 | 12.78 | Дост: Dp Вид: Д N: 13 Дата: 27.02.2008 | Книги |